000 00512nam a2200181Ia 4500
999 _c28105
_d28105
003 OSt
005 20201110151233.0
008 190216s9999||||xx |||||||||||||| ||und||
020 _a9788171807963
040 _coclc
082 _a894.8123
_bSAD/M
100 _aSadanandan, P G
_96416
245 0 _aMahanadi /
_cP G Sadanandan
260 _bPoorna Publications,
_c2000.
_a Kozhikode:
300 _a235p
650 _aMalayalam Novel
942 _cBK
_2ddc
_h894.8123
_iSAD/M
_k894.8123
_mSAD/M